| 000 | 00635nam a2200229 a 4500 | ||
|---|---|---|---|
| 999 |
_c8101 _d8101 |
||
| 001 | 8101 | ||
| 003 | BD-JhCC | ||
| 005 | 20180421130601.0 | ||
| 008 | 180218s1985 uk |||| |||| 000 0 eng d | ||
| 020 | _a0024172103 | ||
| 035 | _a(BD-JhCC) | ||
| 040 |
_aBD-JhCC _dBD-JhCC |
||
| 041 | _aeng | ||
| 082 |
_a363.680682 _bSTE 1985 |
||
| 100 | _aSternloff, Robert E. | ||
| 245 |
_aPark and Recreation Maintenance Management / _cRobert E. Sternloff |
||
| 250 | _a2nd ed. | ||
| 260 |
_aLondon: _bCollier Macmillan Publishers; _c1985 |
||
| 300 |
_a326 p;, _c22 cm |
||
| 650 |
_aParks _xMaintenance Management _zUnited States |
||
| 942 |
_2ddc _cBK |
||